[Event "Hilton Open 2011"]
[Site "Basel"]
[Date "2011.01.01"]
[Round "1"]
[White "Gervasoni, Pietro"]
[Black "Kelecevic, Nedeljko"]
[Result "0-1"]
[WhiteElo "1980"]
[BlackElo "2281"]
[PlyCount "56"]
[EventDate "2011.01.??"]
[EventType "swiss"]
[EventRounds "7"]
[EventCategory "1"]
[SourceDate "2011.01.02"]

1. e4 c5 2. c3 e6 3. d4 d5 4. e5 Nc6 5. Nf3 Bd7 6. Be2 Qb6 7. O-O Nh6 8. Bxh6
gxh6 9. Qd2 Bg7 10. Na3 O-O 11. b3 f6 12. exf6 Rxf6 13. Nc2 cxd4 14. Ncxd4 Raf8
15. Rad1 Kh8 16. Qc2 e5 17. Nb5 e4 18. Nfd4 a6 19. Na3 Nxd4 20. cxd4 Rg6 21.
Qc3 Rc8 22. Qe3 Qa5 23. b4 Qxb4 24. Rb1 Qxd4 25. Rxb7 Qxe3 26. fxe3 Bh3 27. Rf2
d4 28. Kf1 dxe3 0-1

[Event "Hilton Open 2011"]
[Site "Basel"]
[Date "2011.01.02"]
[Round "2"]
[White "Filipovic, Branko"]
[Black "Bacrot, Etienne"]
[Result "0-1"]
[WhiteElo "2413"]
[BlackElo "2723"]
[PlyCount "68"]
[EventDate "2011.01.??"]
[EventType "swiss"]
[EventRounds "7"]
[EventCategory "1"]
[SourceDate "2011.01.02"]

1. b3 Nf6 2. Bb2 g6 3. e4 d6 4. g3 Bg7 5. Bg2 O-O 6. d4 c5 7. Ne2 cxd4 8. Nxd4
Bg4 9. Qd2 Nc6 10. Nxc6 bxc6 11. c4 a5 12. Nc3 Nd7 13. h3 Be6 14. Na4 Bxb2 15.
Qxb2 Nb6 16. Nxb6 Qxb6 17. Rc1 a4 18. O-O axb3 19. axb3 Ra6 20. e5 dxe5 21.
Qxe5 Qxb3 22. Rb1 Qxc4 23. Rfc1 Rb6 24. Ra1 Qb4 25. h4 Rc8 26. Rc5 Qd2 27. h5
Qd6 28. Qc3 Rb3 29. Qc2 Rxg3 30. Rd1 Rxg2+ 31. Kxg2 Qf4 32. f3 Ra8 33. Qf2 Ra2
34. Rc2 Qg5+ 0-1

[Event "Hilton Open 2011"]
[Site "Basel"]
[Date "2011.01.02"]
[Round "2"]
[White "Ovsejevitsch, Sergei"]
[Black "Bae, Torstein"]
[Result "1-0"]
[WhiteElo "2582"]
[BlackElo "2411"]
[PlyCount "95"]
[EventDate "2011.01.??"]
[EventType "swiss"]
[EventRounds "7"]
[EventCategory "1"]
[SourceDate "2011.01.02"]

1. d4 Nf6 2. c4 g6 3. Bg5 Ne4 4. Bf4 c5 5. Qc2 Qa5+ 6. Nd2 f5 7. e3 Bg7 8. Ngf3
Nc6 9. d5 e5 10. Bg3 Nb4 11. Qb1 d6 12. Nxe4 Nd3+ 13. Kd1 fxe4 14. Bxd3 exd3
15. Qxd3 O-O 16. Ng5 b5 17. Ne4 bxc4 18. Qd2 Qb6 19. Nc3 Rb8 20. Rb1 Bh6 21.
Qc2 Qc7 22. Ke2 Rb4 23. Rhe1 Qe7 24. Kf1 Bf5 25. e4 Bd7 26. Kg1 Bg5 27. f3 h5
28. h3 Bh6 29. Nd1 Qg5 30. Qf2 Qd2 31. Re2 Qd4 32. Kh2 g5 33. Qe1 g4 34. fxg4
hxg4 35. h4 Qd3 36. Nc3 Bf4 37. Bxf4 exf4 38. Rd1 Qg3+ 39. Qxg3 fxg3+ 40. Kxg3
Kg7 41. Rdd2 Rb7 42. e5 dxe5 43. Rxe5 Bf5 44. Rf2 Bg6 45. Rxf8 Kxf8 46. d6 Rd7
47. h5 Bd3 48. Rd5 1-0

[Event "Hilton Open 2011"]
[Site "Basel"]
[Date "2011.01.02"]
[Round "2"]
[White "Pelletier, Yannick"]
[Black "Maier, Christian"]
[Result "1-0"]
[WhiteElo "2586"]
[BlackElo "2367"]
[PlyCount "79"]
[EventDate "2011.01.??"]
[EventType "swiss"]
[EventRounds "7"]
[EventCategory "1"]
[SourceDate "2011.01.02"]

1. d4 Nf6 2. c4 e6 3. Nf3 d5 4. Nc3 Nbd7 5. Bf4 c6 6. e3 Be7 7. h3 O-O 8. a3 c5
9. cxd5 Nxd5 10. Nxd5 exd5 11. dxc5 Nxc5 12. Be5 Be6 13. Be2 Rc8 14. O-O Bf6
15. Bxf6 Qxf6 16. Nd4 Ne4 17. Bd3 h6 18. Qe2 Rc5 19. Rad1 Rfc8 20. Bb1 a6 21.
Qh5 Nd6 22. Rfe1 Ne4 23. Qf3 Qxf3 24. Nxf3 Nd6 25. Nd4 Nc4 26. Re2 b6 27. Ba2
Kf8 28. e4 dxe4 29. Nxe6+ fxe6 30. Rd7 Rd5 31. Ra7 Rd1+ 32. Kh2 Nd2 33. Kg3 Rc5
34. Bxe6 e3 35. fxe3 Ne4+ 36. Kf4 Ng5 37. Bg4 Rf1+ 38. Bf3 Ne6+ 39. Kg3 g5 40.
Rd2 1-0

[Event "Hilton Open 2011"]
[Site "Basel"]
[Date "2011.01.02"]
[Round "2"]
[White "Toth, Bela"]
[Black "Korneev, Oleg"]
[Result "0-1"]
[WhiteElo "2347"]
[BlackElo "2576"]
[PlyCount "176"]
[EventDate "2011.01.??"]
[EventType "swiss"]
[EventRounds "7"]
[EventCategory "1"]
[SourceDate "2011.01.02"]

1. d4 d5 2. c4 e6 3. Nc3 c6 4. Nf3 Nf6 5. cxd5 exd5 6. Bg5 Be7 7. Qc2 g6 8. e3
Bf5 9. Bd3 Bxd3 10. Qxd3 O-O 11. Bxf6 Bxf6 12. b4 a6 13. O-O Be7 14. Rab1 Nd7
15. a4 Nb6 16. Nd2 Re8 17. a5 Nc8 18. Na4 Nd6 19. Nc5 Bf8 20. Rfe1 Bg7 21. Rbd1
Qc7 22. Re2 Rad8 23. Rde1 Re7 24. Qc2 Rde8 25. Ndb3 Nf5 26. Qd3 Qd6 27. Nd2 Qf6
28. Nf3 Nd6 29. h3 Qf5 30. Qxf5 Nxf5 31. Kh2 h5 32. g3 Nd6 33. h4 f6 34. Nd2
Bh6 35. Nd3 Kf7 36. Nc5 Nf5 37. Nf3 Nd6 38. Rc2 Nb5 39. Rd1 Bf8 40. Kg2 Rc7 41.
Ne1 Na3 42. Ra2 Nc4 43. Rc1 Nd6 44. Ned3 Nf5 45. Nf4 Bd6 46. Ncd3 Rd7 47. Rh1
Rh8 48. Raa1 Re7 49. Rac1 Ng7 50. Nh3 Ne6 51. Nhf4 Ng7 52. Ne2 g5 53. hxg5 fxg5
54. Nc5 Ne8 55. Ng1 Nf6 56. Nf3 Kg6 57. Nd3 Ng4 58. Rb1 Rhh7 59. Nh2 Nf6 60.
Nf3 Ng4 61. Rbe1 Re8 62. Re2 Rhe7 63. Rhe1 Kf5 64. Nd2 Nf6 65. Nf3 Rh7 66. Rh1
Reh8 67. Ree1 h4 68. Nfe5 h3+ 69. Kf3 g4+ 70. Ke2 Ne4 71. Rc1 Rf8 72. Rc2 Kg5
73. Nf4 Bxe5 74. Ne6+ Kh5 75. Nxf8 Rf7 76. dxe5 Rxf2+ 77. Kd3 Rxf8 78. Kd4 Nxg3
79. Rhh2 Nf5+ 80. Kc5 Re8 81. Kb6 Re7 82. Rcf2 Kg5 83. e6 Rh7 84. Rh1 g3 85.
Rxf5+ Kxf5 86. e7 Rxe7 87. Rxh3 Kg4 88. Rh8 Rg7 0-1

[Event "Hilton Open 2011"]
[Site "Basel"]
[Date "2011.01.02"]
[Round "2"]
[White "Stojanovic, Mihajlo"]
[Black "Zozulia, Anna"]
[Result "1-0"]
[WhiteElo "2576"]
[BlackElo "2347"]
[PlyCount "75"]
[EventDate "2011.01.??"]
[EventType "swiss"]
[EventRounds "7"]
[EventCategory "1"]
[SourceDate "2011.01.02"]

1. e4 c5 2. Nc3 Nc6 3. g3 g6 4. Bg2 Bg7 5. d3 e5 6. f4 d6 7. fxe5 dxe5 8. Nd5
Be6 9. Ne2 Nf6 10. Bg5 h6 11. Bxf6 Bxf6 12. O-O Bg7 13. Nec3 O-O 14. Kh1 Nd4
15. Ne3 b5 16. Ncd5 a6 17. c3 Nc6 18. a4 Na5 19. Qe2 Rb8 20. axb5 axb5 21. b4
cxb4 22. Nxb4 Nb3 23. Ra7 Qd6 24. Ned5 Ra8 25. Qa2 Rxa7 26. Qxa7 Nc5 27. Qe7
Qxe7 28. Nxe7+ Kh7 29. Ra1 f5 30. exf5 Bxf5 31. Nxf5 gxf5 32. Bc6 Rc8 33. Bxb5
Rb8 34. Bc4 e4 35. Ra7 Kg6 36. d4 Nd3 37. Bxd3 exd3 38. Nxd3 1-0

[Event "Hilton Open 2011"]
[Site "Basel"]
[Date "2011.01.02"]
[Round "2"]
[White "Kolbus, Dietmar"]
[Black "Malakhatko, Vadim"]
[Result "1/2-1/2"]
[WhiteElo "2332"]
[BlackElo "2546"]
[PlyCount "31"]
[EventDate "2011.01.??"]
[EventType "swiss"]
[EventRounds "7"]
[EventCategory "1"]
[SourceDate "2011.01.02"]

1. c4 e6 2. Nf3 d5 3. g3 Nf6 4. Bg2 Be7 5. O-O O-O 6. d4 dxc4 7. Ne5 Nc6 8.
Bxc6 bxc6 9. Nxc6 Qe8 10. Nxe7+ Qxe7 11. Qa4 e5 12. dxe5 Qxe5 13. Qxc4 Be6 14.
Qc2 Bf5 15. Qc4 Be6 16. Qc2 1/2-1/2

[Event "Hilton Open 2011"]
[Site "Basel"]
[Date "2011.01.02"]
[Round "2"]
[White "Mirzoev, Azer"]
[Black "Vatter, Hans Joachim"]
[Result "1-0"]
[WhiteElo "2563"]
[BlackElo "2324"]
[PlyCount "57"]
[EventDate "2011.01.??"]
[EventType "swiss"]
[EventRounds "7"]
[EventCategory "1"]
[SourceDate "2011.01.02"]

1. Nf3 d5 2. c4 e6 3. d4 dxc4 4. e3 a6 5. Bxc4 Nf6 6. O-O c5 7. Nc3 b5 8. Bb3
Bb7 9. Qe2 Nbd7 10. Rd1 b4 11. Na4 Qc7 12. Bd2 cxd4 13. Rac1 Qa5 14. Nxd4 Bd6
15. Be1 Be7 16. a3 Nd5 17. e4 N5f6 18. Rc4 Bxe4 19. Nxe6 fxe6 20. Rxe4 Nxe4 21.
Qxe4 Ra7 22. Qxe6 Qe5 23. Qf7+ Kd8 24. axb4 Rf8 25. Qc4 Rf4 26. Qg8+ Bf8 27.
Nc5 Rd4 28. Ne6+ Qxe6 29. Qxe6 1-0

[Event "Hilton Open 2011"]
[Site "Basel"]
[Date "2011.01.02"]
[Round "2"]
[White "Alfred, Nathan"]
[Black "Abbasov, Farid"]
[Result "1/2-1/2"]
[WhiteElo "2268"]
[BlackElo "2537"]
[PlyCount "92"]
[EventDate "2011.01.??"]
[EventType "swiss"]
[EventRounds "7"]
[EventCategory "1"]
[SourceDate "2011.01.02"]

1. e4 g6 2. d4 Bg7 3. Nc3 d6 4. Nf3 Nd7 5. Be2 c6 6. O-O Qc7 7. a4 Ngf6 8. a5
O-O 9. h3 Rb8 10. Be3 b5 11. axb6 axb6 12. Qd2 b5 13. Bd3 e5 14. dxe5 dxe5 15.
Ra7 Rb7 16. Rfa1 Re8 17. b4 Bf8 18. Rxb7 Qxb7 19. Rb1 Nb6 20. Qe1 Nh5 21. Nd2
Nf4 22. Bf1 Qc7 23. g3 Ne6 24. Ne2 f5 25. exf5 gxf5 26. c4 f4 27. Bxb6 Qxb6 28.
Ne4 Kh8 29. Qc3 fxg3 30. N2xg3 Nd4 31. cxb5 cxb5 32. Bg2 Qg6 33. Re1 h5 34.
Nxh5 Bb7 35. Nhg3 Ra8 36. Nc5 Bxg2 37. Kxg2 Qc6+ 38. Re4 Bg7 39. Qd3 Rf8 40.
Qd1 Nf3 41. Qd7 Qf6 42. Nd3 Nd2 43. Re2 Rd8 44. Qf5 Qxf5 45. Nxf5 Rxd3 46. Nxg7
Kxg7 1/2-1/2

[Event "Hilton Open 2011"]
[Site "Basel"]
[Date "2011.01.02"]
[Round "2"]
[White "Ibrahimov, Rasul"]
[Black "Vulevic, Vjekoslav"]
[Result "1/2-1/2"]
[WhiteElo "2538"]
[BlackElo "2293"]
[PlyCount "89"]
[EventDate "2011.01.??"]
[EventType "swiss"]
[EventRounds "7"]
[EventCategory "1"]
[SourceDate "2011.01.02"]

1. Nf3 Nf6 2. c4 e6 3. g3 b6 4. Bg2 Bb7 5. O-O Be7 6. Nc3 O-O 7. Re1 d5 8. cxd5
exd5 9. d4 Re8 10. Bf4 c6 11. Qc2 Na6 12. Rad1 Nh5 13. Bc1 g6 14. a3 Nc7 15. e4
dxe4 16. Nxe4 Nd5 17. Ne5 Rc8 18. Qb3 Ba8 19. Nc3 Nhf6 20. Bh6 Rc7 21. Rc1 Bf8
22. Bg5 Bg7 23. Nxd5 cxd5 24. Rxc7 Qxc7 25. Bxf6 Bxf6 26. Bxd5 Bxd5 27. Qxd5
Rd8 28. Qe4 Bxe5 29. dxe5 Qd7 30. Kg2 Qe6 31. Re2 Rd5 32. h3 a5 33. h4 b5 34.
Qf4 Kg7 35. g4 h6 36. f3 a4 37. g5 hxg5 38. hxg5 Qf5 39. Kg3 Qb1 40. Qe4 Qg1+
41. Rg2 Qc5 42. Re2 Qg1+ 43. Rg2 Qc5 44. Re2 Qg1+ 45. Rg2 1/2-1/2

[Event "Hilton Open 2011"]
[Site "Basel"]
[Date "2011.01.02"]
[Round "2"]
[White "Heimann, Andreas"]
[Black "Melkumjanz, Nikolay"]
[Result "1-0"]
[WhiteElo "2476"]
[BlackElo "2260"]
[PlyCount "80"]
[EventDate "2011.01.??"]
[EventType "swiss"]
[EventRounds "7"]
[EventCategory "1"]
[SourceDate "2011.01.02"]

1. e4 c5 2. Nf3 Nc6 3. d4 cxd4 4. Nxd4 e6 5. Nc3 a6 6. Nxc6 bxc6 7. Bd3 d5 8.
O-O Nf6 9. Qe2 Be7 10. Bd2 Qc7 11. Rae1 d4 12. Na4 e5 13. b3 O-O 14. f4 Bd6 15.
f5 a5 16. Bg5 Be7 17. Rf3 h6 18. Bc1 Qa7 19. Rg3 Kh7 20. Rh3 Rh8 21. Kh1 Kg8
22. Rf1 Kf8 23. Rg3 Bb7 24. Nb2 Qb8 25. Nc4 Qc7 26. a4 Bb4 27. Rh3 Re8 28. Rff3
Ke7 29. Rfg3 Reg8 30. Rh4 Kd8 31. Bd2 c5 32. Rgh3 Re8 33. Bg5 Qe7 34. Qf2 Rhg8
35. Bd2 Qc7 36. Bc1 Ba6 37. Qe2 Bxc4 38. Bxc4 Qb7 39. Rd3 Bc3 40. Ba3 Qc7 1-0

[Event "Hilton Open 2011"]
[Site "Basel"]
[Date "2011.01.02"]
[Round "2"]
[White "Kelecevic, Nedeljko"]
[Black "Battaglini, Gabriel"]
[Result "0-1"]
[WhiteElo "2281"]
[BlackElo "2437"]
[PlyCount "66"]
[EventDate "2011.01.??"]
[EventType "swiss"]
[EventRounds "7"]
[EventCategory "1"]
[SourceDate "2011.01.02"]

1. d4 Nf6 2. c4 e6 3. Nf3 d5 4. Nc3 c6 5. e3 Nbd7 6. Qc2 Bd6 7. b3 O-O 8. Bb2
e5 9. dxe5 Nxe5 10. O-O-O Bg4 11. Be2 Rc8 12. Nxe5 Bxe5 13. Bxg4 Nxg4 14. Qf5
Qa5 15. Qxg4 Bxc3 16. Bxc3 Qxc3+ 17. Kb1 dxc4 18. Qxc4 Qf6 19. Qc2 b5 20. Rd7
c5 21. Rhd1 c4 22. b4 a5 23. R1d6 Qg5 24. f4 Qh5 25. bxa5 Qxh2 26. Qf2 c3 27.
Kc2 Qh1 28. Rd1 Qh5 29. f5 Qh2 30. a6 Qe5 31. f6 Qe6 32. Kc1 c2 33. R1d5 Qxa6
0-1

[Event "Hilton Open 2011"]
[Site "Basel"]
[Date "2011.01.02"]
[Round "2"]
[White "Bender, Dirk"]
[Black "Hamdouchi, Hichem"]
[Result "0-1"]
[WhiteElo "2112"]
[BlackElo "2592"]
[PlyCount "50"]
[EventDate "2011.01.??"]
[EventType "swiss"]
[EventRounds "7"]
[EventCategory "1"]
[SourceDate "2011.01.02"]

1. c4 e5 2. Nc3 Nf6 3. g3 c6 4. Bg2 d5 5. cxd5 cxd5 6. e3 d4 7. exd4 exd4 8.
Qa4+ Nc6 9. Nce2 Bd7 10. Nxd4 Ne5 11. Qb3 Bc5 12. Nge2 O-O 13. O-O Bg4 14. Qa4
b5 15. Qxb5 Bxd4 16. Nxd4 Qxd4 17. d3 Rab8 18. Qa5 Nf3+ 19. Kh1 Qxd3 20. Be3
Rb5 21. Qc3 Rh5 22. h4 Rxh4+ 23. gxh4 Qd6 24. Bxf3 Bxf3+ 25. Kg1 Ng4 0-1

[Event "Hilton Open 2011"]
[Site "Basel"]
[Date "2011.01.02"]
[Round "2"]
[White "Heinis, Vincent"]
[Black "Lekic, Dusan"]
[Result "1/2-1/2"]
[WhiteElo "2097"]
[BlackElo "2389"]
[PlyCount "69"]
[EventDate "2011.01.??"]
[EventType "swiss"]
[EventRounds "7"]
[EventCategory "1"]
[SourceDate "2011.01.02"]

1. Nf3 c5 2. c4 Nc6 3. d4 cxd4 4. Nxd4 Nf6 5. Nc3 e6 6. g3 Qb6 7. Ndb5 Ne5 8.
Bg2 a6 9. Qa4 Rb8 10. Be3 Bc5 11. Bxc5 Qxc5 12. Qa3 Qxa3 13. Nxa3 d6 14. f4 Nc6
15. Nc2 Bd7 16. O-O-O Ke7 17. Rd2 Na5 18. b3 Rhc8 19. Rhd1 d5 20. e4 dxe4 21.
Nxe4 Rc7 22. Nxf6 gxf6 23. Kb2 f5 24. Nb4 Bc6 25. Bxc6 Nxc6 26. Nxc6+ bxc6 27.
Kc3 h5 28. c5 h4 29. Rd6 a5 30. a3 hxg3 31. hxg3 Rcb7 32. Rb1 Rg8 33. Rg1 Rgb8
34. Rb1 Rg8 35. Rg1 1/2-1/2

[Event "Hilton Open 2011"]
[Site "Basel"]
[Date "2011.01.02"]
[Round "2"]
[White "Clausen, Martin"]
[Black "Milosevic, Goran"]
[Result "1-0"]
[WhiteElo "2082"]
[BlackElo "2357"]
[PlyCount "31"]
[EventDate "2011.01.??"]
[EventType "swiss"]
[EventRounds "7"]
[EventCategory "1"]
[SourceDate "2011.01.02"]

1. e4 Nf6 2. Nc3 e5 3. f4 Bb4 4. fxe5 Ng8 5. Nf3 Ne7 6. Bc4 O-O 7. O-O h6 8. d4
c6 9. Nh4 d5 10. exd6 Qxd6 11. Be3 Bxc3 12. bxc3 Be6 13. Bd3 Kh8 14. Qh5 Ng8
15. e5 Qe7 16. Ng6+ 1-0

[Event "Hilton Open 2011"]
[Site "Basel"]
[Date "2011.01.02"]
[Round "2"]
[White "Hamdouchi, Adina-Maria"]
[Black "Huseyn, Orkhan"]
[Result "1-0"]
[WhiteElo "2293"]
[BlackElo "2094"]
[PlyCount "85"]
[EventDate "2011.01.??"]
[EventType "swiss"]
[EventRounds "7"]
[EventCategory "1"]
[SourceDate "2011.01.02"]

1. d4 Nf6 2. Nf3 g6 3. g3 Bg7 4. Bg2 O-O 5. b3 d6 6. Bb2 c6 7. O-O b5 8. Nbd2
a5 9. c4 Ba6 10. Re1 Nbd7 11. e4 bxc4 12. bxc4 Rb8 13. Rb1 e5 14. dxe5 Ng4 15.
Ba3 Ndxe5 16. Qc2 c5 17. Bb2 Nxf3+ 18. Bxf3 Bxb2 19. Rxb2 Rxb2 20. Qxb2 Ne5 21.
Be2 Nc6 22. Rb1 Nd4 23. Bf1 Qg5 24. Bg2 a4 25. f4 Qg4 26. Bf1 h5 27. Kf2 h4 28.
Qb6 hxg3+ 29. hxg3 g5 30. Qxd6 Ne6 31. Be2 Qh3 32. Nf3 g4 33. Bf1 Qh7 34. Ne5
Rd8 35. Rb8 Bc8 36. Nd7 Qh8 37. e5 Kg7 38. Qe7 Qh2+ 39. Bg2 Qh6 40. Qf6+ Qxf6
41. exf6+ Kh6 42. Ne5 Rd2+ 43. Kg1 1-0

[Event "Hilton Open 2011"]
[Site "Basel"]
[Date "2011.01.02"]
[Round "2"]
[White "Lutz, Bernhard"]
[Black "Suter, Stephan"]
[Result "1-0"]
[WhiteElo "2292"]
[BlackElo "2052"]
[PlyCount "65"]
[EventDate "2011.01.??"]
[EventType "swiss"]
[EventRounds "7"]
[EventCategory "1"]
[SourceDate "2011.01.02"]

1. d4 Nf6 2. Nf3 e6 3. c4 c5 4. d5 b5 5. Bg5 h6 6. Bxf6 Qxf6 7. Nc3 bxc4 8. e4
e5 9. Bxc4 d6 10. Qa4+ Nd7 11. Bb5 a6 12. O-O Qd8 13. Nd2 Be7 14. Bc6 Rb8 15.
Qc2 O-O 16. a3 Nf6 17. Nc4 Bd7 18. Qa4 Bxc6 19. dxc6 Qc8 20. Nd5 Nxd5 21. exd5
Qg4 22. Rac1 Bg5 23. Rc3 Qd4 24. Rd1 Qe4 25. Qxa6 Ra8 26. Qb7 Rab8 27. Qc7 Qe2
28. Rf1 Bd2 29. Rc2 Qd3 30. Rxd2 Qxc4 31. Qxd6 Qf4 32. Rc2 c4 33. Qc5 1-0

[Event "Hilton Open 2011"]
[Site "Basel"]
[Date "2011.01.02"]
[Round "2"]
[White "Liepold, Stefan"]
[Black "Sand, Rolf"]
[Result "1-0"]
[WhiteElo "2254"]
[BlackElo "2033"]
[PlyCount "59"]
[EventDate "2011.01.??"]
[EventType "swiss"]
[EventRounds "7"]
[EventCategory "1"]
[SourceDate "2011.01.02"]

1. e4 c5 2. Nf3 d6 3. d4 cxd4 4. Nxd4 Nf6 5. Nc3 a6 6. Bc4 e6 7. Bb3 b5 8. O-O
Be7 9. Qf3 Qb6 10. Be3 Qb7 11. a3 Nc6 12. Rfe1 O-O 13. Rad1 Bd7 14. Qg3 Rfd8
15. Bh6 Bf8 16. Bg5 Be7 17. Re3 Ne5 18. f4 Nc4 19. Bxc4 bxc4 20. e5 dxe5 21.
fxe5 Nd5 22. Nf5 Bxg5 23. Qxg5 exf5 24. Nxd5 Kh8 25. Rg3 Rg8 26. Rh3 Qc6 27.
Ne7 Qb6+ 28. Kh1 Rgd8 29. Rd6 Qa5 30. Rxh7+ 1-0

[Event "Hilton Open 2011"]
[Site "Basel"]
[Date "2011.01.02"]
[Round "2"]
[White "Grandadam, Nicolas"]
[Black "Arounopoulos, Stephan"]
[Result "1/2-1/2"]
[WhiteElo "2286"]
[BlackElo "2085"]
[PlyCount "76"]
[EventDate "2011.01.??"]
[EventType "swiss"]
[EventRounds "7"]
[EventCategory "1"]
[SourceDate "2011.01.02"]

1. g3 Nf6 2. Bg2 g6 3. e4 d6 4. d4 Bg7 5. Ne2 O-O 6. O-O e5 7. Nbc3 Nbd7 8. h3
a6 9. a4 Rb8 10. a5 exd4 11. Nxd4 Re8 12. Nb3 Ne5 13. f4 Nc6 14. g4 Be6 15. Nd5
Nd7 16. g5 f5 17. gxf6 Nxf6 18. f5 gxf5 19. Bg5 h6 20. Nxf6+ Bxf6 21. Bxh6 Bxb3
22. cxb3 Bd4+ 23. Kh1 Qh4 24. Qd2 fxe4 25. Bg5 Qg3 26. Bf6 Bxf6 27. Rxf6 Rf8
28. Rxf8+ Rxf8 29. Rg1 Kf7 30. Qd5+ Ke7 31. Qxe4+ Qe5 32. Qh4+ Qf6 33. Re1+ Kd8
34. Qc4 Qxb2 35. Bxc6 bxc6 36. Qxc6 Qf2 37. Qe4 Qf3+ 38. Kh2 Qf2+ 1/2-1/2

[Event "Hilton Open 2011"]
[Site "Basel"]
[Date "2011.01.02"]
[Round "2"]
[White "Seitz, Benjamin"]
[Black "Scherer, Max"]
[Result "1/2-1/2"]
[WhiteElo "2084"]
[BlackElo "2252"]
[PlyCount "123"]
[EventDate "2011.01.??"]
[EventType "swiss"]
[EventRounds "7"]
[EventCategory "1"]
[SourceDate "2011.01.02"]

1. d4 b6 2. Nf3 e6 3. g3 Bb7 4. Bg2 f5 5. O-O Nf6 6. c4 a5 7. b3 Na6 8. Bb2 Bd6
9. Nbd2 O-O 10. Re1 Qe8 11. a3 Qh5 12. e3 g5 13. Ne5 Bxg2 14. Qxh5 Nxh5 15.
Kxg2 Bxe5 16. dxe5 Nc5 17. Bd4 Ne4 18. Red1 Rf7 19. Nxe4 fxe4 20. Bc3 Ng7 21.
g4 Raf8 22. Ra2 h5 23. h3 hxg4 24. hxg4 Ne8 25. Rh1 Kg7 26. b4 a4 27. b5 Kg6
28. Bb4 Rg8 29. c5 bxc5 30. Bxc5 d6 31. Bd4 Rd7 32. Rc2 dxe5 33. Bxe5 Rd5 34.
Bg3 Rxb5 35. Rc4 Nf6 36. Rxa4 Rc8 37. Rc1 c5 38. Ra6 Nxg4 39. Rxe6+ Kf5 40. Rd6
c4 41. Rc3 Rb3 42. Rxb3 cxb3 43. Rb6 Rc3 44. Rb5+ Ke6 45. a4 Rc4 46. Rb6+ Kf5
47. a5 Ra4 48. a6 Ra2 49. Rxb3 Rxa6 50. Rb5+ Kg6 51. Rb4 Re6 52. Bc7 Kh5 53.
Rb5 Nh6 54. Bg3 Kg4 55. Re5 Rxe5 56. Bxe5 Nf5 57. Bf6 Nh4+ 58. Kh2 Nf3+ 59. Kg2
Ne1+ 60. Kf1 Nc2 61. Ke2 Nb4 62. Bxg5 1/2-1/2

[Event "Hilton Open 2011"]
[Site "Basel"]
[Date "2011.01.02"]
[Round "2"]
[White "Speck, Hans"]
[Black "Haener, Philippe"]
[Result "0-1"]
[WhiteElo "2050"]
[BlackElo "2180"]
[PlyCount "66"]
[EventDate "2011.01.??"]
[EventType "swiss"]
[EventRounds "7"]
[EventCategory "1"]
[SourceDate "2011.01.02"]

1. e4 c5 2. Nf3 e6 3. d4 cxd4 4. Nxd4 Nc6 5. Be2 Nf6 6. Nc3 Bb4 7. Nxc6 bxc6 8.
e5 Nd5 9. Bd2 Qc7 10. Nxd5 Bxd2+ 11. Qxd2 cxd5 12. f4 O-O 13. c3 Rb8 14. Rb1
Qb6 15. Qd4 Ba6 16. Qxb6 Rxb6 17. Bxa6 Rxa6 18. a3 f6 19. Kd2 fxe5 20. fxe5
Rf2+ 21. Ke3 Rxg2 22. h4 Ra4 23. Kf3 Rgg4 24. b3 Raf4+ 25. Ke3 Rf5 26. c4 Re4+
27. Kd3 Rf3+ 28. Kd2 dxc4 29. bxc4 Rxc4 30. Ke2 Rf5 31. Rb7 Rxe5+ 32. Kd3 Ra4
33. Rxd7 Rd5+ 0-1

[Event "Hilton Open 2011"]
[Site "Basel"]
[Date "2011.01.02"]
[Round "2"]
[White "Aerni, Andi"]
[Black "Paul, Mathias"]
[Result "0-1"]
[WhiteElo "2182"]
[BlackElo "2065"]
[PlyCount "130"]
[EventDate "2011.01.??"]
[EventType "swiss"]
[EventRounds "7"]
[EventCategory "1"]
[SourceDate "2011.01.02"]

1. e4 c5 2. c3 b6 3. d4 Bb7 4. Bd3 Nf6 5. Qe2 cxd4 6. cxd4 Nc6 7. Nf3 Nb4 8.
Nc3 Nxd3+ 9. Qxd3 Qc8 10. a4 e6 11. d5 Bb4 12. Bd2 O-O 13. e5 Bxc3 14. Bxc3 Ba6
15. Qc2 Nxd5 16. Ng5 f5 17. exf6 Nxf6 18. O-O-O h6 19. h4 Qc6 20. f3 Rac8 21.
Kb1 b5 22. Qg6 e5 23. Bxe5 hxg5 24. hxg5 Ne8 25. Qh7+ Kf7 26. Qf5+ Kg8 27. Qh7+
Kf7 28. Rh4 Qg6+ 29. Qxg6+ Kxg6 30. Rxd7 Rf7 31. Rhd4 Ra8 32. f4 bxa4 33. g4
Rxd7 34. Rxd7 Be2 35. f5+ Kxg5 36. Bxg7 Bxg4 37. Ka2 Bxf5 38. Rb7 Nxg7 39.
Rxg7+ Kf6 40. Rc7 Be6+ 41. Ka3 Bb3 42. Rb7 Ke6 43. Rh7 Kd5 44. Rh4 a6 45. Rg4
Re8 46. Rg5+ Re5 47. Rg6 Re6 48. Rg5+ Kd4 49. Rg4+ Kd3 50. Rg3+ Kd2 51. Rg2+
Kc1 52. Rg1+ Bd1 53. Rg3 Rb6 54. Rg2 Kb1 55. Rg1 Rd6 56. Rg3 a5 57. Rh3 Rd2 58.
Rc3 Rd4 59. Rg3 Rb4 60. Rg1 Kc1 61. Rg2 Rb3+ 62. Ka2 Rd3 63. Rg1 Rd2 64. Ka3
Kb1 65. Rg5 Rd3+ 0-1

[Event "Hilton Open 2011"]
[Site "Basel"]
[Date "2011.01.02"]
[Round "2"]
[White "Ditzler, Juerg"]
[Black "Meyer, Bernhard"]
[Result "0-1"]
[WhiteElo "2067"]
[BlackElo "2133"]
[PlyCount "114"]
[EventDate "2011.01.??"]
[EventType "swiss"]
[EventRounds "7"]
[EventCategory "1"]
[SourceDate "2011.01.02"]

1. Nf3 Nf6 2. d4 e6 3. c4 d5 4. g3 Be7 5. Bg2 O-O 6. O-O Nbd7 7. cxd5 exd5 8.
Nc3 c6 9. Bg5 Re8 10. e3 Nb6 11. Ne5 Be6 12. a3 Nfd7 13. Bxe7 Qxe7 14. Nxd7
Qxd7 15. Na4 Nxa4 16. Qxa4 Bh3 17. b4 Bxg2 18. Kxg2 Re6 19. h4 a6 20. Qc2 Rae8
21. a4 Re4 22. Rh1 f5 23. Rab1 f4 24. gxf4 Qg4+ 25. Kf1 Qf3 26. Kg1 Qg4+ 27.
Kf1 Qf3 28. Kg1 Rxf4 29. exf4 Re2 30. Qxe2 Qxe2 31. Rh3 Qd2 32. b5 axb5 33.
axb5 Qxd4 34. bxc6 bxc6 35. Rb7 c5 36. Re3 h6 37. Rd7 Qd1+ 38. Kh2 Qf1 39. Rf3
d4 40. f5 Qb5 41. Rd8+ Kf7 42. f6 gxf6 43. Rd6 Qe2 44. Rdxf6+ Ke7 45. Rf7+ Ke6
46. R3f6+ Kd5 47. Rf5+ Kc6 48. R7f6+ Kb5 49. Rxh6 d3 50. Rd6 Kb4 51. Rb6+ Kc4
52. Rf4+ Kc3 53. Rf5 c4 54. Rd6 d2 55. Rfd5 Qxf2+ 56. Kh3 Qf3+ 57. Kh2 Qd3 0-1

[Event "Hilton Open 2011"]
[Site "Basel"]
[Date "2011.01.02"]
[Round "2"]
[White "Schultz, Raphael"]
[Black "Moser, Guido"]
[Result "1-0"]
[WhiteElo "2107"]
[BlackElo "2007"]
[PlyCount "99"]
[EventDate "2011.01.??"]
[EventType "swiss"]
[EventRounds "7"]
[EventCategory "1"]
[SourceDate "2011.01.02"]

1. c4 c6 2. d4 d5 3. Nf3 Nf6 4. g3 e6 5. Bg2 Nbd7 6. O-O Bd6 7. Qc2 O-O 8. Nbd2
Re8 9. e4 dxe4 10. Nxe4 Bc7 11. Rd1 Qe7 12. Re1 h6 13. Nxf6+ Qxf6 14. Bd2 Nb6
15. Ne5 Bxe5 16. dxe5 Qe7 17. Rad1 Bd7 18. Be3 Rad8 19. Qb3 c5 20. Rd6 Nc8 21.
Rd2 Bc6 22. Bxc6 bxc6 23. Rxd8 Rxd8 24. Qa3 Nb6 25. b3 Rd3 26. Bxc5 Qd7 27. Qa5
Qb7 28. Be3 Nc8 29. Rc1 a6 30. Qc5 Ne7 31. Qa7 Qxa7 32. Bxa7 Nf5 33. Rc2 f6 34.
exf6 gxf6 35. Kf1 Kf7 36. Ke2 Rd7 37. Bc5 e5 38. Rd2 Nd4+ 39. Bxd4 exd4 40. c5
a5 41. Kd3 Ke6 42. Kc4 Ke5 43. Re2+ Kf5 44. Kd3 Rd5 45. Re4 Rxc5 46. Rxd4 Rc1
47. Ra4 Rc5 48. Rc4 Rd5+ 49. Ke2 Re5+ 50. Kf3 1-0

[Event "Hilton Open 2011"]
[Site "Basel"]
[Date "2011.01.02"]
[Round "2"]
[White "Meier, Franz"]
[Black "Wirz, Heinz"]
[Result "0-1"]
[WhiteElo "2003"]
[BlackElo "2131"]
[PlyCount "52"]
[EventDate "2011.01.??"]
[EventType "swiss"]
[EventRounds "7"]
[EventCategory "1"]
[SourceDate "2011.01.02"]

1. e4 e6 2. d4 d5 3. Nc3 Bb4 4. e5 c5 5. a3 Bxc3+ 6. bxc3 Ne7 7. Qg4 O-O 8. Nf3
f5 9. exf6 Rxf6 10. Bg5 Nd7 11. Bxf6 Nxf6 12. Qf4 Qa5 13. Nd2 Qxc3 14. Rd1 cxd4
15. Bd3 Nc6 16. f3 e5 17. Qh4 e4 18. fxe4 dxe4 19. Bc4+ Kh8 20. O-O Bg4 21.
Rde1 e3 22. Nb1 Qxc4 23. Rxf6 Be6 24. Rf4 Qxc2 25. Rxd4 Nxd4 26. Qxd4 Qf2+ 0-1